| 000 | 00708 a2200265 4500 | ||
|---|---|---|---|
| 260 | _aParis | ||
| 630 | _a65 - Gestion et organisation de lindustrie, du commerce, de la communication et des transports | ||
| 037 | _b2, WVSC | ||
| 650 | _a6 - SCIENCES APPLIQUEES | ||
| 100 | _aFournis, Yves | ||
| 260 | _bDunod | ||
| 245 | _aLes études de marché : Techniques d'enquête, sondages, interprétation des résultats | ||
| 300 | _a199 p. | ||
| 650 | _a Etude de marché | ||
| 260 | _c1995 | ||
| 300 | _b24 cm | ||
| 100 | _lFr | ||
| 037 | _aDE 9774 | ||
| 037 | _aDE 9773 | ||
| 440 | _aFonction de l'entreprise | ||
| 250 | _a3e éd. | ||
| 020 | _a2-10-002650-X | ||
| 999 |
_c43177 _d43177 |
||